MARC

LEADER 00000nam0a2200000 4500
001 50462
005 20231031033110.0
035 |a (RuTPU)RU\TPU\book\52842 
090 |a 50462 
100 |a 20030416d1987 km y0rusy50 ca 
101 0 |a rus 
102 |a RU 
105 |a a z 001zy 
200 1 |a Обработка радиоактивных материалов в атомной промышленности  |f И. А. Дружинский, Г. Н. Новиков 
210 |a Москва  |c Энергоатомиздат  |d 1987 
215 |a 174 с.  |c ил. 
320 |a Библиогр.: с. 171-172. 
610 1 |a ядерные реакторы 
610 1 |a материалы 
610 1 |a обработка 
610 1 |a реакторные металлы 
610 1 |a металлообрабатывающее оборудование 
610 1 |a атомная промышленность 
610 1 |a дистанционное управление 
675 |a 621.039.53/.54  |v 3 
700 1 |a Дружинский  |b И. А.  |g Исаак Абрамович 
701 1 |a Новиков  |b Г. Н.  |g Генрих Николаевич 
801 1 |a RU  |b 63413507  |c 20030416  |g PSBO 
801 2 |a RU  |b 63413507  |c 20141006  |g PSBO 
942 |c BK